000 01093nam2a2200253 4500
001 RU\NLR\bibl\1986728
005 20250616211414.0
010 _a978-5-418-00518-2
_bч. 2
_950000
021 _aRU
_b2012-95667
_97084
035 _a(NLR Aleph) 001975333
090 _a4013433
_c4013433
100 _a20130114d2013 |||y0rusy50 ca
101 0 _arus
102 _aRU
105 _aa |||||||||
200 0 _aЧ. 2
210 _d2013 [т.е. 2012]
_aБ. м.
215 _a176 с.
_cцв. ил., карт.
461 0 _1001RU\NLR\bibl\1996478
_12001#$aОкружающий мир$vЧ. 2
_94142652
_aПоглазова, О. Т.
_cСмоленск
_d2013 [т.е. 2012]
_e8-е изд., перераб. и доп.
_fО.Т. Поглазова, Н.И. Ворожейкина, В.Д. Шилин
_nАссоциация XXI век
_oучебник для 4 класса общеобразовательных учреждений : в 2 ч.
_tОкружающий мир
_y9785418005199
_vЧ. 2
801 0 _aRU
_bNLR
_c20130114
_gRCR
801 1 _aRU
_bNLR
_c20130114
942 _cBOOK
980 _aNB